000 01926nam0a2200313 4500
001 RU\NLR\bibl\1769596
005 20260408025314.0
010 _a978-5-9926-0435-1
_9150
021 _aRU
_b2011-31551
_92243
035 _a(NLR Aleph) 001760380
090 _a1574568
_c1574568
100 _a20110517d2010 |||y0rusy50 ca
101 0 _arus
102 _aRU
105 _aa |||||||||
200 1 _aЭкокультура и фитобиотехнологии улучшения качества жизни на Каспии
_eматериалы Международной конференции с элементами научной школы для молодежи, г. Астрахань, 7-10 декабря 2010 г.
_f[сост.: В.Н. Пилипенко, А.В. Федотова]
210 _aАстрахань
_cАстраханский университет
_d2010
215 _a423 с.
_cил.
_d29
300 _aВ надзаг.: М-во образования и науки РФ, Астрахан. гос. ун-т, Федер. целевая программа "Науч. и науч.-пед. кадры инновац. России" на 2009-2013 годы
606 1 _aФитобиотехнология
_jСъезды, совещания и т.п.
_92136073
_3RU\NLR\auth\661592376
686 _aЛ679я431(0)
702 1 _aПилипенко
_bВ. Н.
_gВладимир Николаевич
_4220
711 1 2 _a"Экокультура и фитобиотехнологии улучшения качества жизни на Каспии", международная конференция с элементами научной школы для молодежи
_f2010
_eАстрахань
_3RU\NLR\AUTH\8810186444
_9867342
801 0 _aRU
_bNLR
_c20110517
_gRCR
801 1 _aRU
_bNLR
_c20110517
942 _cBOOK
980 _aNB